| 000 | 00635nam a2200229Ia 4500 | ||
|---|---|---|---|
| 001 | 12211 | ||
| 003 | GE_BSU | ||
| 008 | 181216s||||||||xx |||||||||||||| ||und|| | ||
| 020 | _a9785970428030 | ||
| 040 | _cGE_BSU | ||
| 080 | _a611(075.8) | ||
| 100 | _aГайворонский,И.В.; Ничипорук,Г.; | ||
| 245 | _aАнатомия человека | ||
| 245 | _cПод.ред. И.В.Гайворонского | ||
| 260 | _aМосква | ||
| 260 | _bГЭОТАР-Медиа | ||
| 260 | _c2014 | ||
| 300 | _a688стр.илл.25см. | ||
| 541 | _h120Л. | ||
| 653 | _aАнатомия человека | ||
| 942 | _cBK | ||
| 999 |
_c45387 _d45387 |
||